| 000 | 00641cam a2200253 4500 | ||
|---|---|---|---|
| 001 | B2035 | ||
| 008 | 090401t1988 xxu||||| |||| 00| 0 eng d | ||
| 035 | _a(Sirsi) u47748 | ||
| 041 | _aeng | ||
| 050 | _a333.33016 | ||
| 110 |
_aChesterton _92357 |
||
| 245 | 4 | _aThe Chesterton/IPD small properties index 1988 | |
| 260 |
_aLondon _bChesterton _c1988 |
||
| 300 | _a16p. : ill. ; 30cm. | ||
| 350 | _a0 | ||
| 650 | _aINDUSTRIAL PROPERTY | ||
| 650 | _aOFFICES | ||
| 650 | _aPROPERTY INDEXES | ||
| 650 | _aPROPERTY INVESTMENT | ||
| 650 | _aSHOPS | ||
| 710 |
_aInvestment Property Databank _92288 |
||
| 942 | _n0 | ||
| 948 | _c04/03/1997 | ||
| 999 |
_c92187 _d92187 |
||